000
00370nam a2200169Ia 4500
003
0100
008
130303s9999 xx 000 0 und d
040
_c
ARRUPELIB
050
_a
BT102.H51971
100
_a
Hick, John
245
_a
Arguments for the Existence of God
260
_a
London
260
_b
Macmillan PR
260
_C
1971
300
_a
150p
942
0
0
_0
5
999
_c
32345
_d
32345